| 000 -LEADER | |
|---|---|
| fixed length control field | 00405nam a22001457a 4500 |
| 005 - DATE AND TIME OF LATEST TRANSACTION | |
| control field | 20240108154755.0 |
| 008 - FIXED-LENGTH DATA ELEMENTS--GENERAL INFORMATION | |
| fixed length control field | 190427b xxu||||| |||| 00| 0 eng d |
| 020 ## - INTERNATIONAL STANDARD BOOK NUMBER | |
| ISBN | 978-81-85790-03-9 |
| 041 ## - LANGUAGE CODE | |
| Language code of text/sound track or separate title | eng |
| 100 ## - MAIN ENTRY--AUTHOR NAME | |
| Personal name | KADAM , S.S.,MAHADIK,DR. K.R..,AND BOTHARA.,DR. K.G |
| 245 ## - TITLE STATEMENT | |
| Title | PRINCIPLES OF MEDICINAL CHEMISTRY (VOL-II ) |
| 260 ## - PUBLICATION, DISTRIBUTION, ETC. (IMPRINT) | |
| Place of publication | PUNE |
| Name of publisher | NIRALI PRAKASHAN |
| 300 ## - PHYSICAL DESCRIPTION | |
| Number of Pages | I.8 p, |
| 942 ## - ADDED ENTRY ELEMENTS (KOHA) | |
| Koha item type | Books |
| Lost status | Damaged status | Collection code | Home library | Current library | Shelving location | Date acquired | Source of acquisition | Cost, normal purchase price | Accession Number | Koha item type |
|---|---|---|---|---|---|---|---|---|---|---|
| Reference | JRU Library | JRU Library | SHELF-5-B | 27/04/2019 | PURCHESS | 450.00 | 22689 | Books | ||
| PHARMACY | JRU Library | JRU Library | SHELF-18-C | 27/04/2019 | PURCHESS | 450.00 | 22690 | Books | ||
| PHARMACY | JRU Library | JRU Library | SHELF-18-C | 27/04/2019 | PURCHESS | 450.00 | 22691 | Books |